00758nam a22001697a 4500003000900000008004100009040007100050082002000121100001600141245003200157260003600189300004400225505027000269650001700539650000900556650002300565AR-CdUCM190507b ||||| |||| 00| 0 spa d aMUNICIPALIDAD PROVINCIAL DEL CUSCOcBIBLIOTECA MUNICIPAL DEL CUSCO 23eda575 /bV54 aVeselov, E. aLa evolución de la vida / aBuenos Aires :bCartago,c1966. a188 páginas ;bIlustraciones,c20 cm. aContenido: Dos enigmas de la naturaleza viva, la diversidad de los seres vivos y la armonía de su estructura, la multiplicidad de formas de la vida en la tierra -- ¿Cómo se explica la diversidad y la armonía estructurales de las plantas y de los animales?... aEvolución  aVida aPlantas y animales